Statistics for Biggest Cities That end in Burg Quiz

Click here to take the quiz!

General Stats

  • This quiz has been taken 321 times
    (266 since last reset)
  • The average score is 9 of 20

Answer Stats

PopulationCountryAnswer% Correct
6,470,000South AfricaJohannesburg
100%
4,570,000RussiaSaint Petersburg
96%
249,079United StatesSaint Petersburg
96%
1,704,735GermanyHamburg
92%
258,754BrazilNovo Hamburgo
92%
487,350SwedenGothenburg
68%
263,862FranceStrasbourg
63%
448,624United KingdomEdinburgh
59%
1,311,764RussiaYekaterinburg
54%
316,718United StatesPittsburgh
48%
486,628GermanyNuremberg
48%
519,793GermanyDuisburg
25%
254,867GermanyAugsburg
22%
202,455GermanyFreiburg
20%
531,731RussiaOrenburg
15%
200,380NetherlandsTilburg
15%
235,073GermanyMagdeburg
13%
231,962United StatesGreensboro
9%
405,385South AfricaPietermaritzburg
8%
263,179South AfricaBoksburg
3%

Score Distribution

Percentile by Number Answered

Percent of People with Each Score

Your Score History

You have not taken this quiz since the last reset